Movies Quiz

Random Movies or Blitz Quiz

30 in 60: Disney Songs Quiz Stats

 Plays Quiz Updated May 13, 2016

Challenge
Share
Tweet
Embed
Score 0/30 Timer 01:00
58 Plays Today
% Correct
Frozen
67.9%
The Lion King
67.5%
One Hundred and One Dalmatians
66.6%
Beauty and the Beast
65.9%
The Jungle Book
65.7%
Dumbo
65.2%
Pocahontas
64.4%
Aladdin
64.3%
The Aristocats
63.8%
Lilo and Stitch
62.3%
The Many Adventures of Winnie the Pooh
62.2%
Snow White and the Seven Dwarfs
59.5%
Mulan
58.3%
The Little Mermaid
56.2%
Hercules
55.8%
% Correct
Peter Pan
52.2%
Pinocchio
51.5%
Alice in Wonderland
48.4%
Cinderella
45.2%
Sleeping Beauty
40.4%
Lady and the Tramp
39.6%
Tangled
37.6%
The Fox and the Hound
36.5%
Bambi
31.3%
Tarzan
29.6%
Robin Hood
29.2%
The Princess and the Frog
27.8%
Oliver and Company
26.2%
The Hunchback of Notre Dame
18.9%
Brother Bear
13.8%

You're not logged in!

Compare scores with friends on all Sporcle quizzes.
OR
Log In

You Might Also Like...

Show Comments

Extras

Top Quizzes Today


Score Distribution

Your Account Isn't Verified!

In order to create a playlist on Sporcle, you need to verify the email address you used during registration. Go to your Sporcle Settings to finish the process.

Report this User

Report this user for behavior that violates our Community Guidelines.

Details: